مكتبة جامعة عجلون الوطنية

فهرس بحث المكتبة

Normal view MARC view
  • الاسلا والقانون -- الفقة الاسلامي -- أصول -- أحوال شخصية ( الاسلام )

Entry Topical Term

Number of records used in: 1

001 - CONTROL NUMBER

  • control field: 13579

003 - CONTROL NUMBER IDENTIFIER

  • control field: JO-AjAnu

005 - DATE AND TIME OF LATEST TRANSACTION

  • control field: 20230606072454.0

008 - FIXED-LENGTH DATA ELEMENTS

  • fixed length control field: 230606|| aca||aabn | a|a d

040 ## - CATALOGING SOURCE

  • Original cataloging agency: JO-AjAnu
  • Transcribing agency: JO-AjAnu

150 ## - HEADING--TOPICAL TERM

  • Topical term or geographic name entry element: الاسلا والقانون -- الفقة الاسلامي -- أصول -- أحوال شخصية ( الاسلام )

670 ## - SOURCE DATA FOUND

  • Source citation: Work cat.: (JO-AjAnu)6985: أعداد الطيبي ، عكاشة عبد المنان , author 13578, أسئلة النساء القانونية وأجوبة كبار المحامين عليها